Wszyscy Polscy Piłkarze powołani na MŚ i ME od 2002 roku - Statystyki

Ogólne statystyki
  • Ten quiz został rozwiązany 105 razy
  • Średni wynik to 54 z 125
Statystyki odpowiedzi
Pilkarz % Poprawnych
Szczęsny Wojciech
85%
Fabiański Łukasz
79%
Boruc Artur
76%
Milik Arkadiusz
76%
Piszczek Łukasz
76%
Dudek Jerzy
74%
Glik Kamil
73%
Błaszczykowski Jakub
72%
Piątek Krzysztof
72%
Olisadebe Emmanuel
69%
Świderski Karol
69%
Bednarek Jan
68%
Pazdan Michał
68%
Grosicki Kamil
65%
Jędrzejczyk Artur
65%
Krychowiak Grzegorz
65%
Buksa Adam
64%
Frankowski Przemysław
64%
Lewandowski Robert
64%
Moder Jakub
64%
Skorupski Łukasz
63%
Bereszyński Bartosz
60%
Mączyński Krzysztof
60%
Hajto Tomasz
59%
Perquis Damien
58%
Smolarek Euzebiusz
58%
Kapustka Bartosz
56%
Polanski Eugen
56%
Tytoń Przemysław
56%
Zalewski Nicola
56%
Dawidowicz Paweł
55%
Lewandowski Mariusz
55%
Linetty Karol
55%
Obraniak Ludovic
55%
Kiwior Jakub
54%
Puchacz Tymoteusz
54%
Rybus Maciej
53%
Salamon Bartosz
53%
Żurawski Maciej
53%
Cionek Thiago
51%
Krzynówek Jacek
51%
Majdan Radosław
51%
Wawrzyniak Jakub
51%
Bułka Marcin
50%
Cash Matty
50%
Zieliński Piotr
50%
Jeleń Ireneusz
49%
Peszko Sławomir
49%
Jodłowiec Tomasz
47%
Szymański Sebastian
47%
Guerreiro Roger
46%
Wałdoch Tomasz
46%
Białkowski Bartosz
45%
Urbański Kacper
45%
Żewłakow Marcin
45%
Żewłakow Michał
45%
Boenisch Sebastian
44%
Dudka Dariusz
44%
Kownacki Dawid
44%
Szymański Damian
44%
Teodorczyk Łukasz
44%
Kałużny Radosław
42%
Kędziora Tomasz
42%
Klich Mateusz
42%
Głowacki Arkadiusz
41%
Grabara Kamil
41%
Jop Mariusz
41%
Kryszałowicz Paweł
41%
Matysek Adam
41%
Wasilewski Marcin
40%
Kłos Tomasz
38%
Kozłowski Kacper
38%
Kurzawa Rafał
38%
Mila Sebastian
38%
Skóraś Michał
38%
Świerczewski Piotr
38%
Walukiewicz Sebastian
38%
Wolski Rafał
38%
Góralski Jacek
37%
Stępiński Mariusz
37%
Bąk Jacek
36%
Baszczyński Marcin
36%
Bosacki Bartosz
36%
Brożek Paweł
36%
Jóźwiak Kamil
35%
Matuszczyk Adam
35%
Rząsa Tomasz
33%
Sandomierski Grzegorz
33%
Żurkowski Szymon
33%
Bielik Krystian
32%
Zieliński Jacek
32%
Gumny Robert
31%
Kosowski Kamil
31%
Koźmiński Marek
31%
Kuszczak Tomasz
31%
Mierzejewski Adrian
29%
Slisz Bartosz
29%
Kamiński Marcin
28%
Płacheta Przemysław
28%
Saganowski Marek
28%
Szymkowiak Mirosław
28%
Kamiński Jakub
27%
Sobiech Artur
27%
Golański Paweł
26%
Piątkowski Kamil
26%
Rasiak Grzegorz
24%
Sibik Paweł
24%
Garguła Łukasz
23%
Helik Michał
23%
Kucharski Cezary
23%
Murawski Rafał
23%
Radomski Arkadiusz
23%
Świerczok Jakub
23%
Bąk Arkadiusz
22%
Sobolewski Radosław
22%
Starzyński Filip
21%
Wojtkowiak Grzegorz
21%
Łobodziński Wojciech
18%
Kokosza Adam
17%
Zahorski Tomasz
17%
Murawski Maciej
15%
Wieteska Mateusz
15%
Giza Piotr
13%
Gancarczyk Seweryn
12%
Piotrkowski Jakub
3%
Nie znaleziono quizów pasujących do podanych kryteriów
Rozkład punktacji
Procent ludzi z każdym wynikiem
Percentyl według liczby udzielonych odpowiedzi
Twoja historia wyników
Nie rozwiązałeś tego quizu